| 000 | 00398nam a2200157Ia 4500 | ||
|---|---|---|---|
| 008 | 151213s9999 xx 000 0 und d | ||
| 100 | _aSamuel H. Maron | ||
| 245 |
_aPhysical Chemistry _cSamuel H. Maron |
||
| 250 | _a3rd | ||
| 260 |
_aNew Delhi _bOxford and IBH Publications _c1958 |
||
| 300 | _a8618 p. | ||
| 650 | _aChemistry | ||
| 650 | _ascience | ||
| 700 | _aSamuel H. Maron | ||
| 999 |
_c4408 _d4408 |
||